000
00319nam a2200133Ia 4500
100
_a
Jain G.C
942
_c
BK
654
_a
Semi - conductor Data Manual
245
_a
Practical Semi- conductor Data Manual
260
_b
Business promotion
_a
Delhi
_c
1976
082
_a
621.3817304
300
_a
276
546
_a
ENGLISH
999
_c
35332
_d
35332